Statistics for Rugby - IRB World Player of the Year

Click here to take the quiz!

General Stats

  • This quiz has been taken 26 times
    (10 since last reset)
  • The average score is 13 of 19

Answer Stats

Year Player Country Position % Correct
2007Bryan HabanaSouth AfricaWing
88%
2003Jonny WilkinsonEnglandFly-half
88%
2019Pieter-Steph du ToitSouth AfricaFlanker
75%
2015Dan CarterNew ZealandFly-half
75%
2012Dan CarterNew ZealandFly-half
75%
2009Richie McCawNew ZealandFlanker
75%
2010Richie McCawNew ZealandFlanker
75%
2006Richie McCawNew ZealandFlanker
75%
2005Dan CarterNew ZealandFly-half
75%
2008Shane WilliamsWalesWing
63%
2002Fabien GalthiƩFranceScrum-half
63%
2013Kieran ReadNew ZealandFlanker
63%
2014Brodie RetallickNew ZealandLock
63%
2016Beauden BarrettNew ZealandFly-half
63%
2017Beauden BarrettNew ZealandFly-half
63%
2001Keith WoodIrelandHooker
63%
2011Thierry DusautoirFranceFlanker
50%
2004Schalk BurgerSouth AfricaFlanker
50%
2018Jonathan SextonIrelandFly-half
50%

Score Distribution

Percentile by Number Answered

Percent of People with Each Score

Your Score History

You have not taken this quiz since the last reset